Albert Wesselski, Der Hodscha Nasreddin türkische, arabische, berberische, maltesische, sizilianische, kalabrische, kroatische, serbische und griechische Märlein und Schwänke, 2. Band. Weimar, Duncker, 1911 : Buchbesprechung /
Elmentve itt :
| Szerző: | |
|---|---|
| További közreműködők: | |
| Dokumentumtípus: | Cikk |
| Megjelent: |
Trübner
Strassburg
1914
|
| Sorozat: | Der Islam
|
| Kulcsszavak: | Nasreddin Hoca, Török irodalom története - 13. sz. |
| Tárgyszavak: | |
| Online Access: | http://misc.bibl.u-szeged.hu/61069 |
| LEADER | 00976nab a2200229 i 4500 | ||
|---|---|---|---|
| 001 | misc61069 | ||
| 005 | 20220920102345.0 | ||
| 008 | 220802s1914 hu o 0|| ger d | ||
| 040 | |a SZTE Miscellanea Repozitórium |b hun | ||
| 041 | |a ger | ||
| 100 | 1 | |a Menzel Theodor | |
| 245 | 1 | 0 | |a Albert Wesselski, Der Hodscha Nasreddin |h [elektronikus dokumentum] : |b türkische, arabische, berberische, maltesische, sizilianische, kalabrische, kroatische, serbische und griechische Märlein und Schwänke, 2. Band. Weimar, Duncker, 1911 : Buchbesprechung / |c Menzel Theodor |
| 260 | |a Trübner |b Strassburg |c 1914 | ||
| 300 | |a p. 212-220. |c 26 cm | ||
| 490 | 0 | |a Der Islam | |
| 561 | |a Németh Gyula hagyaték | ||
| 591 | |a NOV 3648 | ||
| 650 | 4 | |a Bölcsészettudományok | |
| 650 | 4 | |a Nyelvek és irodalom | |
| 695 | |a Nasreddin Hoca, Török irodalom története - 13. sz. | ||
| 700 | 0 | 1 | |a Wesselski Albert |
| 856 | 4 | 0 | |u http://misc.bibl.u-szeged.hu/61069/1/3648_nov_m53_01.pdf |z Dokumentum-elérés |